| 000 | 00728nam a2200253 a 4500 | ||
|---|---|---|---|
| 003 | AR-BaBNM | ||
| 005 | 20251128203823.0 | ||
| 008 | 082120s2002 ||||||||||||||000 | spa|| | ||
| 020 | _a950-13-6333-3 | ||
| 040 | _cAR-BaBNM | ||
| 100 | 1 | _aEscalona, Francisca de | |
| 245 | 0 | 0 |
_aDidáctica de la matemática en la escuela primaria _n1 |
| 250 | _a1ª ed. | ||
| 260 |
_aBuenos Aires _bKapelusz _c1986 |
||
| 300 |
_a143 p. _bil., gráfs., tablas |
||
| 490 | 0 | _aColección de pedagogía práctica | |
| 650 | 4 | _aCURRICULO DE ENSEÑANZA PRIMARIA | |
| 650 | 4 | _aFORMACION DE DOCENTES | |
| 650 | 4 | _aENSEÑANZA DE LAS MATEMATICAS | |
| 653 | _aEDUCACION PRIMARIA | ||
| 700 | 1 | _aNoriega, Manoel | |
| 942 | _cBK | ||
| 998 | _cHector | ||
| 999 |
_c5034 _d5034 |
||